India Migration Report 2021; (Record no. 37452)

MARC details
000 -LEADER
fixed length control field 00819nam a22001577a 4500
020 ## - INTERNATIONAL STANDARD BOOK NUMBER
ISBN 9781032425283
082 ## - DEWEY DECIMAL CLASSIFICATION NUMBER
Classification number 304.84054
Item number IND-
245 ## - TITLE STATEMENT
Title India Migration Report 2021;
Sub Title Migrants And Health/
Statement of responsibility, etc By Editor S. Irudaya Rajan.
250 ## - EDITION STATEMENT
Edition statement South Asia Edition.
260 ## - PUBLICATION, DISTRIBUTION, ETC. (IMPRINT)
Place of publication New York:
Name of publisher Routledge,
Year of publication C2022.
300 ## - PHYSICAL DESCRIPTION
Number of Pages xxix,324p.
Other physical details ill;maps,
520 ## - SUMMARY, ETC.
Summary, etc India Migration Report 2021 presents a detailed study on the health of migrants. It highlights major healthcare challenges faced by migrant labourers, especially in the context of the COVID-19 pandemic, which has forced authorities, policymakers and many other stakeholders to turn their attention to healthcare delivery unlike ever before.
650 ## - SUBJECT ADDED ENTRY--TOPICAL TERM
Topical Term Emigration and immigration.
Geographic subdivision Europe
650 ## - SUBJECT ADDED ENTRY--TOPICAL TERM
Topical Term Emigration and immigration.
Geographic subdivision India
942 ## - ADDED ENTRY ELEMENTS (KOHA)
Source of classification or shelving scheme Dewey Decimal Classification
Koha item type Books
Holdings
Withdrawn status Lost status Damaged status Not for loan Home library Current library Date acquired Source of acquisition Cost, normal purchase price Full call number Accession Number Cost, replacement price Price effective from Koha item type
        NASSDOC Library NASSDOC Library 16/03/2023 Overseas 0.00 304.84054 IND- 53087 0.00 25/04/2023 Books